000 00343 a2200157 4500
001 187817
020 _a
040 _cMagnum
100 _aFontoura, Joísa Assunpção
240 1 0 _aA descoberta de um amigo
_lpor
245 1 0 _aA descoberta de um amigo
300 _a16
362 0 _a2000
697 _aLITERATURA INFANTO
942 _cBK
999 _c187817
_d187817